[Event "IX Festival Open"]
[Site "Amantea ITA"]
[Date "2011.09.09"]
[Round "6"]
[White "Levato, Biagio"]
[Black "Galante, Benedetto"]
[Result "1-0"]
[WhiteElo "1545"]
[BlackElo "1682"]
[PlyCount "83"]
[EventDate "2011.09.04"]

1. e4 c5 2. Nf3 e6 3. g3 Nc6 4. Bg2 d6 5. O-O g6 6. d3 Bg7 7. Re1 Nge7 8. Nbd2
O-O 9. c3 Rb8 10. Nf1 a6 11. a4 b5 12. Ne3 Qc7 13. Ng4 e5 14. Nh6+ Kh8 15. h4
Ng8 16. Nxg8 Kxg8 17. h5 Bg4 18. h6 Bh8 19. Qd2 f6 20. Nh2 Be6 21. Nf1 Nd8 22.
Ne3 Nf7 23. c4 Qd7 24. Qa5 bxc4 25. Nd5 Bxd5 26. exd5 cxd3 27. Qxa6 g5 28. Qxd3
Nxh6 29. f3 Qa7 30. b3 c4+ 31. Be3 Rxb3 32. Qxb3 Qc7 33. Qb6 Qd7 34. Qc6 Qe7
35. Qxc4 Nf5 36. Qg4 Nh6 37. Qh3 Nf7 38. Bb6 Qb7 39. a5 Qxd5 40. f4 Qd2 41. Be4
h6 42. Qf5 1-0

[Event "IX Festival Open"]
[Site "Amantea ITA"]
[Date "2011.09.09"]
[Round "6"]
[White "Luongo, Antonio"]
[Black "Coico, Pompeo"]
[Result "1/2-1/2"]
[WhiteElo "1776"]
[BlackElo "1698"]
[PlyCount "50"]
[EventDate "2011.09.04"]

1. d4 d5 2. Nf3 Nf6 3. c4 c6 4. Nc3 e6 5. Bg5 Be7 6. e3 Nbd7 7. cxd5 exd5 8.
Be2 O-O 9. O-O Re8 10. Re1 Nf8 11. Bxf6 Bxf6 12. Qc2 Qb6 13. Na4 Qc7 14. Rac1
g6 15. Nc5 Ne6 16. Nxe6 Bxe6 17. Nd2 Rac8 18. Nb3 b6 19. Qd1 Qb7 20. Bg4 Bxg4
21. Qxg4 a6 22. a4 Re4 23. Qe2 Rce8 24. Rc2 Bxd4 25. Nxd4 Rxd4 1/2-1/2

[Event "IX Festival Open"]
[Site "Amantea ITA"]
[Date "2011.09.09"]
[Round "6"]
[White "Paragliola, Gennaro"]
[Black "Panariello, Francesco"]
[Result "0-1"]
[WhiteElo "1576"]
[BlackElo "1766"]
[PlyCount "40"]
[EventDate "2011.09.04"]

1. d4 e6 2. c4 Nf6 3. Bg5 h6 4. Bh4 b6 5. Nc3 Bb4 6. Qc2 Nc6 7. e3 Bb7 8. f3
O-O 9. Bd3 d5 10. cxd5 exd5 11. Nge2 Qe7 12. e4 dxe4 13. fxe4 g5 14. e5 Ng4 15.
Bf2 Nxf2 16. Kxf2 Qd7 17. Rad1 Ne7 18. Ng3 Qxd4+ 19. Kf1 Qf4+ 20. Kg1 Bc5+ 0-1

[Event "IX Festival Open"]
[Site "Amantea ITA"]
[Date "2011.09.09"]
[Round "6"]
[White "Pelyushenko, Anton"]
[Black "Gemelli, Antonio"]
[Result "1-0"]
[WhiteElo "1692"]
[BlackElo "1458"]
[PlyCount "43"]
[EventDate "2011.09.04"]

1. Nf3 Nf6 2. d4 d5 3. g3 e6 4. Bg2 Nbd7 5. Bf4 c6 6. O-O b6 7. Nbd2 Bb7 8. c4
Be7 9. Rc1 O-O 10. Ne5 c5 11. dxc5 Nxc5 12. b4 Ncd7 13. a3 Rc8 14. Re1 Nxe5 15.
Bxe5 Nd7 16. Bb2 Bf6 17. Bxf6 Qxf6 18. e4 dxe4 19. Nxe4 Qe7 20. Nd6 Ba6 21.
Nxc8 Rxc8 22. b5 1-0

[Event "IX Festival Open"]
[Site "Amantea ITA"]
[Date "2011.09.09"]
[Round "6"]
[White "Pelyushenko, Olga"]
[Black "Casella, Carlo"]
[Result "1/2-1/2"]
[WhiteElo "1506"]
[BlackElo "1699"]
[PlyCount "117"]
[EventDate "2011.09.04"]

1. d4 d5 2. c4 e6 3. Nf3 Nf6 4. Nc3 Nbd7 5. Bg5 c6 6. e3 Qa5 7. Bd3 Bb4 8. Qc2
dxc4 9. Bxc4 Nb6 10. Bb3 Nbd5 11. Rc1 Nxc3 12. bxc3 Be7 13. O-O h6 14. Bh4 Qd8
15. Ne5 Nd7 16. Bxe7 Qxe7 17. Nd3 a5 18. a4 b5 19. c4 b4 20. c5 O-O 21. e4 Ba6
22. Rfe1 Qf6 23. e5 Qg6 24. Re3 Bxd3 25. Rxd3 Rfe8 26. Qd2 Qh7 27. Bc2 g6 28.
Rh3 Kg7 29. g4 Rh8 30. Be4 Rac8 31. Qf4 Qg8 32. Rf3 Qe8 33. h4 Qe7 34. Kg2 Rhf8
35. Rh1 f5 36. gxf5 exf5 37. Bc2 Nb8 38. Rg3 Qe6 39. Bb3 Qe7 40. Qf3 Kh7 41.
Qd3 Rcd8 42. h5 g5 43. Rf3 Qd7 44. Rd1 Kh8 45. e6 Qh7 46. Re1 Rde8 47. Bc2 Re7
48. Rxf5 Rxf5 49. Qxf5 Qxf5 50. Bxf5 Kg7 51. Kf3 Na6 52. Ke4 Kf6 53. Rg1 Rg7
54. Rd1 Nc7 55. Bg4 Nd5 56. Ra1 b3 57. Kd3 Rb7 58. Rb1 Rb4 59. Rb2 1/2-1/2

[Event "IX Festival Open"]
[Site "Amantea ITA"]
[Date "2011.09.09"]
[Round "6"]
[White "Rametta, Marcello"]
[Black "Suriano, Davide"]
[Result "1-0"]
[WhiteElo "1748"]
[BlackElo "1476"]
[PlyCount "55"]
[EventDate "2011.09.04"]

1. e4 c5 2. Bc4 Nc6 3. c3 Nf6 4. d3 e5 5. h3 d5 6. exd5 Nxd5 7. Nf3 Be7 8. Be3
Nxe3 9. fxe3 e4 10. dxe4 Qxd1+ 11. Kxd1 Be6 12. Bxe6 fxe6 13. Kc2 Rd8 14. Nbd2
O-O 15. Rad1 b5 16. Nb3 a5 17. Nc1 Bf6 18. Nd3 c4 19. Nc5 Rfe8 20. Rxd8 Bxd8
21. Nd4 Nxd4+ 22. exd4 b4 23. Rf1 Bc7 24. e5 h6 25. Rf4 Bb6 26. Nb7 Re7 27. Nd6
Rd7 28. Nxc4 1-0

[Event "IX Festival Open"]
[Site "Amantea ITA"]
[Date "2011.09.09"]
[Round "6"]
[White "Rubino, Giovanni"]
[Black "Garofalo, Raffaele"]
[Result "1/2-1/2"]
[WhiteElo "1434"]
[BlackElo "1402"]
[PlyCount "67"]
[EventDate "2011.09.04"]

1. e4 d6 2. d4 Nf6 3. Nc3 g6 4. Nf3 Bg7 5. Bc4 O-O 6. O-O Nc6 7. Bg5 a6 8. h3
b5 9. Bd5 Nxd5 10. Nxd5 Bb7 11. Qd2 Re8 12. Bh6 Bh8 13. Rfe1 Qd7 14. e5 Rab8
15. c3 Rbd8 16. exd6 exd6 17. Bg5 Rc8 18. Nf6+ Bxf6 19. Bxf6 Rxe1+ 20. Rxe1 Re8
21. Rxe8+ Qxe8 22. Qh6 Qf8 23. Qh4 Nb8 24. Ng5 h5 25. g4 Nd7 26. gxh5 Nxf6 27.
hxg6 Qe7 28. gxf7+ Kg7 29. f8=Q+ Kxf8 30. Qh6+ Ke8 31. Qg6+ Kd7 32. Qf5+ Ke8
33. Qg6+ Kd7 34. Qf5+ 1/2-1/2

[Event "IX Festival Open"]
[Site "Amantea ITA"]
[Date "2011.09.09"]
[Round "6"]
[White "Scerra, Ezio"]
[Black "Andreani, Carlo"]
[Result "1-0"]
[WhiteElo "1512"]
[BlackElo "1386"]
[PlyCount "81"]
[EventDate "2011.09.04"]

1. c4 e5 2. Nc3 Nf6 3. g3 Nc6 4. Bg2 Bb4 5. Nf3 d6 6. a3 Bxc3 7. bxc3 Be6 8. d3
Qd7 9. O-O h5 10. Bg5 Nh7 11. e4 f6 12. Nh4 Nxg5 13. Nf5 g6 14. Nh4 Bg4 15. f3
Bh3 16. Bxh3 Nxh3+ 17. Kg2 O-O-O 18. Nxg6 Rh6 19. Nh4 Rg8 20. Nf5 Rh7 21. Kxh3
Ne7 22. Kg2 Nxf5 23. exf5 Qxf5 24. f4 h4 25. fxe5 Qxe5 26. Qe1 hxg3 27. hxg3
Rhg7 28. Rf3 b5 29. Qxe5 fxe5 30. cxb5 Re8 31. a4 Kd7 32. a5 e4 33. dxe4 Rxe4
34. b6 cxb6 35. axb6 axb6 36. Ra7+ Kc6 37. Rxg7 Re2+ 38. Kf1 Ra2 39. Rg6 Kc5
40. Rgf6 Kc4 41. Rxd6 1-0

[Event "IX Festival Open"]
[Site "Amantea ITA"]
[Date "2011.09.09"]
[Round "6"]
[White "Serratore, Vincenzo"]
[Black "Carbone, Edoardo"]
[Result "1/2-1/2"]
[WhiteElo "1859"]
[BlackElo "1838"]
[PlyCount "132"]
[EventDate "2011.09.04"]

1. d4 Nf6 2. c3 d5 3. f4 e6 4. Nf3 c5 5. e3 Bd6 6. Bd3 Qc7 7. Nbd2 b6 8. Ne5
Bb7 9. Ndf3 a6 10. Ng5 O-O 11. Bd2 Ne4 12. h4 Qe7 13. Qh5 h6 14. Nxe4 dxe4 15.
Bc2 cxd4 16. exd4 Qf6 17. O-O-O Qf5 18. Qe2 h5 19. Rde1 f6 20. Nc4 Bxf4 21.
Bxe4 Bxd2+ 22. Kxd2 Qf4+ 23. Qe3 Qxe3+ 24. Rxe3 Bxe4 25. Rxe4 b5 26. Nb6 Ra7
27. Rxe6 Kf7 28. Rhe1 Rd8 29. a3 a5 30. Kc2 Kg6 31. b3 Kf5 32. g3 Ra6 33. Kd3
Nd7 34. Re7 Rxb6 35. Rxg7 Ne5+ 36. Kc2 Ng4 37. Ree7 Re6 38. Rxe6 Kxe6 39. Rh7
b4 40. Rxh5 Ne3+ 41. Kd3 Nf1 42. g4 bxc3 43. Rxa5 c2 44. Rc5 Nh2 45. g5 fxg5
46. Rxc2 Nf3 47. Re2+ Kf5 48. hxg5 Nxd4 49. Rf2+ Kxg5 50. Kc4 Nxb3 51. Kxb3
Rb8+ 52. Kc4 Ra8 53. Rf3 Kg4 54. Rb3 Kf5 55. Rb5+ Ke6 56. Kb4 Kd6 57. a4 Kc7
58. Ka3 Kc6 59. Kb4 Kc7 60. Kb3 Rb8 61. Kc4 Rxb5 62. axb5 Kb6 63. Kb4 Kb7 64.
Kc5 Kc7 65. b6+ Kb7 66. Kb5 Kb8 1/2-1/2

[Event "IX Festival Open"]
[Site "Amantea ITA"]
[Date "2011.09.09"]
[Round "6"]
[White "Tricomi, Massimo"]
[Black "Martino, Giovanni"]
[Result "1-0"]
[WhiteElo "1889"]
[BlackElo "1542"]
[PlyCount "71"]
[EventDate "2011.09.04"]

1. b3 Nf6 2. Bb2 g6 3. Bxf6 exf6 4. c4 d6 5. g3 Bg7 6. Nc3 c6 7. Bg2 Nd7 8. d4
f5 9. e3 Nf6 10. Nge2 h5 11. h4 O-O 12. Rb1 a5 13. O-O Ng4 14. Nf4 Qe7 15. Qd2
Re8 16. a3 Nf6 17. b4 axb4 18. axb4 Ne4 19. Nxe4 fxe4 20. b5 c5 21. dxc5 dxc5
22. Nd5 Qd6 23. Qc2 Bf5 24. b6 Ra3 25. Rb3 Ra4 26. Rd1 Qc6 27. Nc7 Rc8 28. Rb5
Rb4 29. Nd5 Qe6 30. Nxb4 cxb4 31. Rxb4 Rc6 32. c5 Bg4 33. Rxe4 Bxd1 34. Rxe6
Bxc2 35. Re8+ Kh7 36. Bxc6 1-0

[Event "IX Festival Open"]
[Site "Amantea ITA"]
[Date "2011.09.09"]
[Round "6"]
[White "Trifoglio, Giovanni"]
[Black "Stoja, Rocco"]
[Result "1-0"]
[WhiteElo "1879"]
[BlackElo "1772"]
[PlyCount "83"]
[EventDate "2011.09.04"]

1. e4 c5 2. c3 Nf6 3. e5 Nd5 4. d4 cxd4 5. Nf3 Nc6 6. Bc4 Nb6 7. Bb3 d5 8. exd6
Qxd6 9. O-O Be6 10. Bxe6 Qxe6 11. Nxd4 Nxd4 12. Qxd4 Qf6 13. Qe4 Qc6 14. Qe2 e6
15. Nd2 Be7 16. Nf3 O-O 17. Ne5 Qc7 18. Bf4 Bd6 19. Bg3 Rad8 20. Rfd1 Bxe5 21.
Bxe5 Qe7 22. c4 Rxd1+ 23. Rxd1 Rd8 24. b3 Rxd1+ 25. Qxd1 Qd7 26. Qe2 f6 27. Bc3
Qd6 28. h3 Nd7 29. Qh5 g6 30. Qa5 Qd1+ 31. Kh2 Qd6+ 32. g3 Ne5 33. Bxe5 fxe5
34. Qxa7 Qd2 35. Qb8+ Kf7 36. Qxb7+ Kf6 37. Qf3+ Ke7 38. a4 Qc2 39. Qe3 h6 40.
a5 g5 41. a6 g4 42. a7 1-0

[Event "IX Festival Open"]
[Site "Amantea ITA"]
[Date "2011.09.09"]
[Round "6"]
[White "Vasta, Armando"]
[Black "Crippa, Oscar"]
[Result "0-1"]
[WhiteElo "1545"]
[BlackElo "1673"]
[PlyCount "108"]
[EventDate "2011.09.04"]

1. d4 d5 2. Nf3 Nf6 3. Bf4 c6 4. c3 Bf5 5. Qb3 Qb6 6. Qxb6 axb6 7. Nbd2 e6 8.
h3 Nbd7 9. e3 Be7 10. Be2 O-O 11. Nh4 Be4 12. Nhf3 Bg6 13. Nh4 Be4 14. Nxe4
Nxe4 15. Nf3 Bd6 16. Bxd6 Nxd6 17. Nd2 Nf6 18. O-O Rfe8 19. Nf3 Nfe4 20. Rfd1
b5 21. Nd2 Nxd2 22. Rxd2 Ne4 23. Rc2 Ra5 24. Bd3 Nd6 25. a3 g6 26. f3 Kg7 27.
e4 Raa8 28. Re2 f5 29. exf5 exf5 30. Rae1 Kf7 31. Re5 Nc4 32. Bxc4 bxc4 33.
Rxe8 Rxe8 34. Rxe8 Kxe8 35. Kf2 f4 36. h4 Kf7 37. g3 fxg3+ 38. Kxg3 Kf6 39. Kg4
h6 40. h5 gxh5+ 41. Kxh5 Kf5 42. Kxh6 Kf4 43. Kg6 Kxf3 44. Kf6 Ke3 45. Ke6 Kd3
46. Kd6 Kc2 47. Kc5 Kxb2 48. Kb4 b6 49. a4 Kc2 50. a5 bxa5+ 51. Kxa5 Kxc3 52.
Ka4 Kxd4 53. Ka3 Kc3 54. Ka2 Kc2 0-1

[Event "IX Festival Open"]
[Site "Amantea ITA"]
[Date "2011.09.09"]
[Round "6"]
[White "Violi, Vincenzo"]
[Black "Mercuri, Delia"]
[Result "1-0"]
[WhiteElo "1828"]
[BlackElo "1523"]
[PlyCount "63"]
[EventDate "2011.09.04"]

1. e4 e5 2. Nf3 d6 3. d4 exd4 4. Qxd4 Nc6 5. Bb5 Bd7 6. Bxc6 Bxc6 7. Nc3 Nf6 8.
Bg5 Be7 9. O-O-O O-O 10. Rhe1 Nd7 11. Bxe7 Qxe7 12. Nd2 Qf6 13. Qe3 Rae8 14.
Nb3 Nb6 15. Qd2 Nc4 16. Qd3 b5 17. Qf3 Qg5+ 18. Kb1 b4 19. Nd5 a5 20. Qg3 Qd8
21. f4 Bxd5 22. Rxd5 a4 23. Nd2 Nb6 24. Rd3 Qa8 25. f5 Re5 26. f6 g6 27. Qf4
Qd8 28. Rf1 g5 29. Qg4 Qe8 30. Nf3 h5 31. Qxh5 Rxe4 32. Qxg5+ 1-0

[Event "IX Festival Open"]
[Site "Amantea ITA"]
[Date "2011.09.09"]
[Round "6"]
[White "Vizza, Pietro"]
[Black "Valotta, Massimiliano"]
[Result "1/2-1/2"]
[WhiteElo "1691"]
[BlackElo "1855"]
[PlyCount "99"]
[EventDate "2011.09.04"]

1. Nf3 c5 2. b3 Nc6 3. Bb2 d6 4. c4 e5 5. Nc3 Nf6 6. d3 Bg4 7. e3 Qa5 8. Be2 h6
9. O-O O-O-O 10. Nd2 Bf5 11. Nde4 Bxe4 12. dxe4 g5 13. Bg4+ Kb8 14. Bf5 Ne7 15.
Qd3 a6 16. Rfd1 Bg7 17. Rd2 Qc7 18. Rad1 Nxf5 19. exf5 g4 20. e4 h5 21. Qe2 Bh6
22. Nd5 Nxd5 23. Rxd5 Bf4 24. g3 Bg5 25. Qd3 Be7 26. f6 Bxf6 27. Rxd6 Kc8 28.
Rd5 Rxd5 29. cxd5 Qd6 30. Ba3 Bg5 31. Qc4 h4 32. Qxc5+ Qxc5 33. Bxc5 hxg3 34.
hxg3 Kd7 35. Rd3 Rc8 36. Be3 Bf6 37. Kf1 Kd6 38. Ke1 Rc2 39. a3 Be7 40. Kd1 Rc8
41. Bc1 f5 42. exf5 Rf8 43. Bd2 Rxf5 44. Bb4+ Kd7 45. Bxe7 Kxe7 46. d6+ Kd7 47.
Ke2 Rf6 48. Rd5 Rf3 49. Rd3 Rf6 50. Rd5 1/2-1/2

[Event "IX Festival Open"]
[Site "Amantea ITA"]
[Date "2011.09.10"]
[Round "7"]
[White "Andreani, Carlo"]
[Black "Paragliola, Gennaro"]
[Result "1/2-1/2"]
[WhiteElo "1386"]
[BlackElo "1576"]
[PlyCount "119"]
[EventDate "2011.09.04"]

1. b3 d5 2. Bb2 c5 3. e3 Nc6 4. Bb5 Bd7 5. Nf3 Nf6 6. Qe2 e6 7. Nc3 Bd6 8. Bxc6
Bxc6 9. O-O-O O-O 10. h4 Re8 11. Rdg1 e5 12. g4 d4 13. Nb5 e4 14. Ne1 Qd7 15.
Na3 Be5 16. g5 d3 17. Qf1 Bxb2+ 18. Kxb2 Nh5 19. c3 b5 20. Qh3 Qd6 21. f3 Bd7
22. Qg2 Bf5 23. Qh2 Qc6 24. Qf2 Rad8 25. fxe4 Bxe4 26. Rh3 b4 27. Nb1 bxc3+ 28.
Nxc3 Qe6 29. Rh2 Bg6 30. Ng2 Qe5 31. Nf4 Rb8 32. Nxg6 fxg6 33. Rg4 Qe6 34. Re4
Qc6 35. Rxe8+ Qxe8 36. Qf3 c4 37. Qd5+ Qf7 38. Qxf7+ Kxf7 39. Rf2+ Ke6 40. Rf3
a5 41. Na4 Ke7 42. Kc3 cxb3 43. axb3 h6 44. Kxd3 Rxb3+ 45. Kc2 Rb4 46. Nc3 Ke6
47. d4 a4 48. Na2 Rb6 49. e4 Rb8 50. Ra3 Rc8+ 51. Kd2 Rd8 52. Rxa4 Ng3 53. Ra6+
Kf7 54. Ra7+ Kf8 55. Nc3 Rxd4+ 56. Ke3 Rc4 57. Ra8+ Ke7 58. Nd5+ Kd6 59. Rd8+
Ke5 60. Re8+ 1/2-1/2

[Event "IX Festival Open"]
[Site "Amantea ITA"]
[Date "2011.09.10"]
[Round "7"]
[White "Anselmi, Beatrice"]
[Black "Scerra, Ezio"]
[Result "1-0"]
[WhiteElo "1734"]
[BlackElo "1512"]
[PlyCount "67"]
[EventDate "2011.09.04"]

1. e4 d5 2. exd5 Qxd5 3. Nc3 Qa5 4. d4 Nf6 5. Bd2 c6 6. Nf3 Bg4 7. Ne4 Qd8 8.
Nxf6+ exf6 9. Bc3 Qd5 10. Be2 Be7 11. O-O O-O 12. Re1 Bd6 13. b3 Qh5 14. h3 f5
15. hxg4 fxg4 16. Ne5 f5 17. g3 b5 18. Qd2 Bxe5 19. dxe5 f4 20. Bb4 fxg3 21.
fxg3 Na6 22. Bxf8 Rxf8 23. Rf1 Qxe5 24. Rxf8+ Kxf8 25. Qd8+ Kf7 26. Qd7+ Kg8
27. Qd8+ Kf7 28. Rf1+ Kg6 29. Bd3+ Kh6 30. Qh4+ Qh5 31. Qxh5+ Kxh5 32. Rf7 Nb4
33. a3 Nxd3 34. cxd3 1-0

[Event "IX Festival Open"]
[Site "Amantea ITA"]
[Date "2011.09.10"]
[Round "7"]
[White "Brogneri, Giovanni"]
[Black "Greco, Simone"]
[Result "1/2-1/2"]
[WhiteElo "1736"]
[BlackElo "1570"]
[PlyCount "120"]
[EventDate "2011.09.04"]

1. e4 c5 2. Nc3 d6 3. g3 g6 4. Bg2 Bg7 5. d3 e6 6. Be3 Ne7 7. Qd2 O-O 8. Bh6
Nbc6 9. Bxg7 Kxg7 10. h4 h5 11. Nge2 Rb8 12. Qg5 Ng8 13. Qxd8 Rxd8 14. a4 a6
15. Kd2 Nf6 16. Bh3 Ne5 17. Nd1 Neg4 18. Bxg4 Nxg4 19. f3 Ne5 20. f4 Ng4 21.
Ne3 Nxe3 22. Kxe3 b6 23. Rhb1 Bd7 24. c4 f6 25. b4 Bc6 26. b5 Bb7 27. bxa6 Bxa6
28. Nc3 f5 29. a5 bxa5 30. Rxa5 Rxb1 31. Nxb1 Bc8 32. Ra7+ Rd7 33. Rxd7+ Bxd7
34. Nc3 Kf7 35. exf5 gxf5 36. d4 cxd4+ 37. Kxd4 Bc6 38. Nd1 Bf3 39. Nb2 Bc6 40.
Nd3 Ke7 41. c5 Bb5 42. cxd6+ Kxd6 43. Nc5 Bc6 44. Nd3 Be4 45. Ne5 Bd5 46. Nf7+
Ke7 47. Ng5 Kd6 48. Nh7 Bf3 49. Nf6 Bd1 50. Ne8+ Kd7 51. Nf6+ Kd6 52. Kc4 Kc6
53. Ne8 Kd7 54. Nf6+ Kc6 55. Nh7 Kd6 56. Ng5 Be2+ 57. Kd4 Bd1 58. Nh3 Bf3 59.
Ke3 Bd1 60. Nf2 Bc2 1/2-1/2

[Event "IX Festival Open"]
[Site "Amantea ITA"]
[Date "2011.09.10"]
[Round "7"]
[White "Carbone, Edoardo"]
[Black "Catapano, Francesco"]
[Result "1/2-1/2"]
[WhiteElo "1838"]
[BlackElo "1787"]
[PlyCount "104"]
[EventDate "2011.09.04"]

1. d4 Nf6 2. c4 g6 3. Nf3 Bg7 4. g3 d6 5. Bg2 O-O 6. O-O c5 7. Nc3 a6 8. b3 Qc7
9. Bb2 cxd4 10. Nxd4 Nc6 11. Nd5 Nxd5 12. cxd5 Bxd4 13. Bxd4 Nxd4 14. Qxd4 Bd7
15. Rfc1 Qa5 16. Qc3 Qxc3 17. Rxc3 Rfc8 18. Rac1 Rxc3 19. Rxc3 Rc8 20. Rxc8+
Bxc8 21. f4 f6 22. Kf2 a5 23. e4 Bd7 24. Bf1 Kf8 25. Ke3 Ke8 26. Kd4 Kd8 27.
Be2 h6 28. Bd3 b6 29. a4 Bg4 30. Bc4 Bd1 31. Kc3 Kc7 32. Kd2 Bf3 33. Ke3 Bd1
34. Kd4 Kd8 35. Kc3 Kc7 36. Kd2 Bf3 37. Ke3 Bd1 38. h3 g5 39. fxg5 fxg5 40. h4
Kd7 41. hxg5 hxg5 42. Kd2 Bf3 43. Ke3 Bd1 44. Kd4 Bg4 45. Ke3 e5 46. Be2 Bh3
47. Kf2 g4 48. Bb5+ Kc7 49. Be8 Kb7 50. Bh5 Kc7 51. Bg6 Kd8 52. Bf5 Kc7 1/2-1/2

[Event "IX Festival Open"]
[Site "Amantea ITA"]
[Date "2011.09.10"]
[Round "7"]
[White "Casella, Carlo"]
[Black "Rubino, Giovanni"]
[Result "1-0"]
[WhiteElo "1699"]
[BlackElo "1434"]
[PlyCount "79"]
[EventDate "2011.09.04"]

1. e4 e5 2. Nf3 Nc6 3. Bc4 Be7 4. d3 Nf6 5. Nc3 d6 6. O-O Be6 7. Bb5 a6 8. Ba4
b5 9. Bb3 Bxb3 10. axb3 O-O 11. Bg5 Nb4 12. Ne2 c5 13. Ng3 Nd7 14. Bxe7 Qxe7
15. Nf5 Qf6 16. Qd2 Nc6 17. c3 Ne7 18. Ne3 Qf4 19. Qe2 f5 20. g3 Qh6 21. Nh4 f4
22. Nef5 Nxf5 23. Nxf5 Qe6 24. Qg4 Qf7 25. Nh6+ Kh8 26. Nxf7+ Rxf7 27. Qe6 Raf8
28. Qxd6 f3 29. Qxa6 c4 30. bxc4 bxc4 31. Qxc4 Nf6 32. Ra6 Ng4 33. h3 Ne3 34.
fxe3 f2+ 35. Kg2 h6 36. d4 exd4 37. exd4 Kh7 38. b4 h5 39. Ra2 Rf6 40. Raxf2
1-0

[Event "IX Festival Open"]
[Site "Amantea ITA"]
[Date "2011.09.10"]
[Round "7"]
[White "Coico, Pompeo"]
[Black "Pelyushenko, Olga"]
[Result "1-0"]
[WhiteElo "1698"]
[BlackElo "1506"]
[PlyCount "111"]
[EventDate "2011.09.04"]

1. d4 Nf6 2. c4 g6 3. Nf3 Bg7 4. b3 d6 5. Bb2 O-O 6. e3 Nbd7 7. Be2 c5 8. d5 a6
9. O-O Rb8 10. Nc3 Qc7 11. Re1 Nb6 12. Rc1 e5 13. e4 Bh6 14. Rb1 Ne8 15. Bc1
Bg7 16. Ng5 h6 17. Nf3 f5 18. Bb2 Qe7 19. exf5 Bxf5 20. Bd3 Kh7 21. Ne4 Bg4 22.
Ned2 Nf6 23. Qc2 Qf7 24. Bxe5 Ne8 25. Bxg7 Nxg7 26. Re3 Nf5 27. Ree1 Nd4 28.
Nxd4 Qxf2+ 29. Kh1 cxd4 30. Bxg6+ Kg8 31. Be4 Qf7 32. Qd3 Qf2 33. Nf3 Rbe8 34.
Nxd4 Nd7 35. h3 Nc5 36. Qc2 Qxd4 37. Bh7+ Kh8 38. Rxe8 Rxe8 39. Qg6 Bd7 40.
Qxh6 Qg7 41. Qxg7+ Kxg7 42. Bc2 Re2 43. Rc1 b5 44. b4 Ne4 45. Bb3 Rf2 46. c5
dxc5 47. bxc5 Bc8 48. c6 Nd6 49. Re1 Rf7 50. Re2 a5 51. Kg1 Kh6 52. Rf2 Rg7 53.
Bc2 Bxh3 54. Kh2 Ne4 55. Bxe4 Bc8 56. d6 1-0

[Event "IX Festival Open"]
[Site "Amantea ITA"]
[Date "2011.09.10"]
[Round "7"]
[White "Crippa, Oscar"]
[Black "Caporale, Giuseppe Guido"]
[Result "0-1"]
[WhiteElo "1673"]
[BlackElo "1752"]
[PlyCount "128"]
[EventDate "2011.09.04"]

1. e4 c5 2. Nc3 Nc6 3. g3 e6 4. Bg2 Nge7 5. d3 d5 6. f4 d4 7. Nce2 g6 8. Nf3
Bg7 9. O-O O-O 10. Bd2 Qb6 11. Rb1 a5 12. h3 Bd7 13. a3 Qc7 14. Qe1 b6 15. g4
Rae8 16. Qh4 f6 17. Rbe1 h6 18. Qg3 g5 19. Rf2 Ng6 20. Ref1 e5 21. fxg5 fxg5
22. Nh2 Nf4 23. Nf3 Qd8 24. Qh2 Bf6 25. Ng3 Ne7 26. Nf5 Nxf5 27. gxf5 Kf7 28.
Bxf4 gxf4 29. Nd2 Rg8 30. Kh1 Rg7 31. Bf3 Reg8 32. Rg2 Kf8 33. Rfg1 Be8 34.
Rxg7 Rxg7 35. Rxg7 Kxg7 36. Qe2 Bb5 37. Bh5 Bh4 38. Qg4+ Qg5 39. Nf3 Qxg4 40.
Bxg4 Bf6 41. Kg2 c4 42. dxc4 Bxc4 43. Nd2 Bf7 44. Be2 Bd8 45. Nc4 Bc7 46. Nd2
Kf6 47. Bc4 Be8 48. Bd5 b5 49. Nb3 Bb6 50. Nc1 Bh5 51. Bc6 Bd1 52. Bxb5 Bxc2
53. Bd3 Ba4 54. b3 Be8 55. a4 Bc5 56. Bc4 Bh5 57. Nd3 Ba3 58. Kf2 Bd1 59. Bd5
Bh5 60. Bc4 Bd6 61. Ne1 Bd1 62. Bd5 Bb4 63. Nd3 Bd2 64. Nb2 Bc2 0-1

[Event "IX Festival Open"]
[Site "Amantea ITA"]
[Date "2011.09.10"]
[Round "7"]
[White "Di Salvio, Giuseppe"]
[Black "Serratore, Vincenzo"]
[Result "0-1"]
[WhiteElo "1785"]
[BlackElo "1859"]
[PlyCount "106"]
[EventDate "2011.09.04"]

1. d4 d5 2. Nf3 Bf5 3. g3 h6 4. Bg2 e6 5. Nbd2 Nf6 6. O-O Bd6 7. Re1 Qe7 8. Nh4
Bh7 9. c4 c6 10. e4 dxe4 11. Nxe4 Bxe4 12. Bxe4 O-O 13. Bh7+ Kxh7 14. Nf5 Qd7
15. Nxd6 Qxd6 16. Bf4 Qd7 17. Qd3+ Kg8 18. Rad1 Na6 19. a3 Rad8 20. Qf3 Nc7 21.
g4 Qe7 22. Qg3 Nfe8 23. c5 g5 24. Be3 Rd5 25. f4 Nf6 26. fxg5 Ne4 27. Qg2 Nxg5
28. h4 Nh7 29. Bxh6 Rfd8 30. Qf2 Qd7 31. Re4 Rxc5 32. dxc5 Qxd1+ 33. Kg2 Qd5
34. Qf3 Qxc5 35. Kg3 Qg1+ 36. Kh3 Rd1 37. Be3 Qh1+ 38. Qxh1 Rxh1+ 39. Kg3 Rb1
40. Rb4 b6 41. g5 Rd1 42. Ra4 Rd7 43. Kg4 c5 44. Rc4 Rd3 45. Kf3 Rb3 46. Rc2
Kg7 47. h5 Nxg5+ 48. Ke2 Kh6 49. a4 Kxh5 50. a5 Kg4 51. Bd2 Ne4 52. axb6 axb6
53. Bh6 f5 0-1

[Event "IX Festival Open"]
[Site "Amantea ITA"]
[Date "2011.09.10"]
[Round "7"]
[White "Galante, Benedetto"]
[Black "Attina', Rodolfo"]
[Result "1-0"]
[WhiteElo "1682"]
[BlackElo "1401"]
[PlyCount "67"]
[EventDate "2011.09.04"]

1. e4 e6 2. Nf3 c5 3. d3 Be7 4. g3 Nc6 5. Bg2 Rb8 6. O-O Bf6 7. Re1 Nge7 8. e5
Nxe5 9. Nxe5 d6 10. Ng4 Nc6 11. Nxf6+ Qxf6 12. c3 O-O 13. Qb3 Bd7 14. Nd2 d5
15. Nf3 b6 16. Qc2 h6 17. Bf4 Rbc8 18. Ne5 Nxe5 19. Bxe5 Qf5 20. Rad1 c4 21.
Qd2 Ba4 22. Rc1 cxd3 23. Bf1 Bc2 24. Re3 Rc4 25. Bxd3 Bxd3 26. Qxd3 Qf3 27.
Rxf3 Re4 28. Bf4 Rc8 29. Qb5 Rc5 30. Qe8+ Kh7 31. Bxh6 d4 32. Bxg7 Rf5 33. Qh8+
Kg6 34. Qh6# 1-0

[Event "IX Festival Open"]
[Site "Amantea ITA"]
[Date "2011.09.10"]
[Round "7"]
[White "Garofalo, Raffaele"]
[Black "Vasta, Armando"]
[Result "0-1"]
[WhiteElo "1402"]
[BlackElo "1545"]
[PlyCount "44"]
[EventDate "2011.09.04"]

1. d4 Nf6 2. Nf3 c5 3. e3 d5 4. Be2 cxd4 5. exd4 Nc6 6. c3 Bf5 7. Nbd2 e6 8.
O-O h6 9. Re1 Bd6 10. h3 g5 11. Nb3 Ne4 12. Be3 g4 13. hxg4 Bxg4 14. Nfd2 Bxe2
15. Qxe2 Qh4 16. Nf3 Qh5 17. Nc1 O-O-O 18. Nd3 Rdg8 19. Nde5 f6 20. Nxc6 Rxg2+
21. Kxg2 Rg8+ 22. Kf1 Qh1+ 0-1

[Event "IX Festival Open"]
[Site "Amantea ITA"]
[Date "2011.09.10"]
[Round "7"]
[White "Gemelli, Antonio"]
[Black "Levato, Biagio"]
[Result "1-0"]
[WhiteElo "1458"]
[BlackElo "1545"]
[PlyCount "89"]
[EventDate "2011.09.04"]

1. Nf3 Nf6 2. g3 d5 3. Bg2 Nc6 4. d3 e5 5. O-O Be6 6. Ng5 Bf5 7. c4 h6 8. Nf3
e4 9. Nh4 Bh7 10. cxd5 Nxd5 11. dxe4 Nf6 12. Nc3 Nd7 13. Be3 Be7 14. f4 O-O 15.
Nf3 Bb4 16. e5 Qe7 17. Nd5 Qd8 18. Rc1 Ba5 19. Qb3 Re8 20. Rcd1 Ne7 21. Qxb7
Nxd5 22. Qxd5 Bb6 23. Bf2 Bxf2+ 24. Kxf2 Bf5 25. Nh4 Be6 26. Qb5 Rb8 27. Qa4
Qc8 28. Bc6 Rd8 29. Rd2 Nb6 30. Rxd8+ Qxd8 31. Qxa7 Qd4+ 32. Kg2 Rd8 33. Qa3
Nc4 34. Nf3 Nxa3 35. Nxd4 Rxd4 36. bxa3 Rc4 37. Bf3 c6 38. Rb1 Kh7 39. Kf2 Ra4
40. Bxc6 Rxa3 41. Ra1 Rxa2 42. Rxa2 Bxa2 43. e4 g6 44. Bd5 Bxd5 45. exd5 1-0

[Event "IX Festival Open"]
[Site "Amantea ITA"]
[Date "2011.09.10"]
[Round "7"]
[White "Martino, Giovanni"]
[Black "Denozza, Mauro"]
[Result "1-0"]
[WhiteElo "1542"]
[BlackElo "1664"]
[PlyCount "35"]
[EventDate "2011.09.04"]

1. e4 d6 2. d4 Nf6 3. Nc3 c6 4. f4 Qa5 5. Bd3 e5 6. Nf3 Bg4 7. dxe5 dxe5 8.
fxe5 Nfd7 9. Bf4 Nxe5 10. Bxe5 Bxf3 11. Qxf3 Qxe5 12. Bc4 f6 13. O-O-O Bb4 14.
Qh3 Ke7 15. Nb1 Qf4+ 16. Nd2 Bxd2+ 17. Rxd2 Rd8 18. Qe6+ 1-0

[Event "IX Festival Open"]
[Site "Amantea ITA"]
[Date "2011.09.10"]
[Round "7"]
[White "Mercuri, Delia"]
[Black "Luongo, Antonio"]
[Result "1/2-1/2"]
[WhiteElo "1523"]
[BlackElo "1776"]
[PlyCount "45"]
[EventDate "2011.09.04"]

1. e4 e6 2. d4 d5 3. exd5 exd5 4. Nc3 Nf6 5. Nf3 Be7 6. Be2 Bg4 7. O-O O-O 8.
Bf4 c6 9. Qd3 Re8 10. Rae1 Nbd7 11. Ne5 Bxe2 12. Rxe2 c5 13. dxc5 Nxc5 14. Qd4
Ne6 15. Qd2 Nxf4 16. Qxf4 Bd6 17. Rd1 Bxe5 18. Rxe5 Rxe5 19. Qxe5 Qe8 20. Qxe8+
Rxe8 21. f3 Rd8 22. Ne2 Rd7 23. c3 1/2-1/2